Quiz das Maldivas - Statistics

Estatísticas Gerais
  • Esse quiz foi jogado 574 vezes
  • A pontuação média é 9 de 14
Estatísticas das Respostas
Dica Resposta % Correto
Oceano onde as Maldivas estão localizadas Oceano Índico
94%
Tipo de desastre natural que devastou as Maldivas em 2004 Tsunâmi
85%
Por causa disso, as Maldivas costumam ser consideradas o país mais ameaçado por esse fenômeno {Aquecimento} global
82%
Religião oficial Islã
82%
As Maldivas eram uma colônia deste país antes de 1965 Reino Unido
80%
Per capita, as Maldivas comem mais deste tipo de animal do que qualquer outro país Peixe
74%
Setor que responde por 60% da receita de câmbio estrangeiro Turismo
72%
Capital Malé
69%
Religião dominante antes da acima, do século III a.C. até 1200 Budismo
67%
Mar no noroeste das Maldivas Mar Arábico
64%
Maldivas tem a _____ média mais baixa de qualquer país Altitude
50%
As Maldivas são principalmente composta por este tipo de ilha, um recife de coral em torno de uma lagoa Atol
49%
Língua oficial Diveí
36%
Segunda maior cidade Addu
16%
Nenhum quiz correspondente encontrado
Distribuição das Pontuações
Porcentagem de Pessoas com Cada Pontuação
Percentil de Números Respondidos
Sua Pontuação Histórica
Você não jogou esse quiz